| 000 | 00585nam a22001577a 4500 | ||
|---|---|---|---|
| 008 | 150522b xxu||||| |||| 00| 0 eng d | ||
| 020 | _a8495273721 | ||
| 082 |
_a708 _bD 281t |
||
| 100 |
_aDean, Tacita _92746 |
||
| 245 |
_aTacita Dean _cDean, Tacita; Groenenboom, Roland (curador) |
||
| 260 |
_aBarcelona _bMuseu dÁrt Contemporani de Barcelona _c2001 |
||
| 300 |
_a122 p. _bill. (col) _c15x21 cm |
||
| 600 |
_aDean, Tacita _d1965 _xExhibiciones _92747 |
||
| 650 |
_xCinematografia abstracta-Exhibiciones _xArte moderno _xS.20 _92748 |
||
| 700 |
_aTacita Dean ; Roland Groenenboom (curador) _92749 |
||
| 999 |
_c614 _d614 |
||